00881nam a22001817a 4500008004100000020001800041040005500059080002100114245024800135260005900383300001600442490002700458650001400485700002300499942001300522999001700535952014700552230622b |||||||| |||| 00| 0 eng d a0-907567-30-4 aNational Science LibrarycNational Science Library a628.1(082.2)bM2 aWater resources management in industrial areasc/ Selected papers from the international symposium held by the International Water Resources Association 7-11 September, 1981 Lisbon, Portugal sponsored by.............................Association aDublin: bTycooly International Publishing Ltd, c1982 aviii, 463p. aWater resources series aSymposium aBeard, Leo R (Ed.) 2udccSYM c46133d46133 00102udc40662810822_M270970022aNSLbNSLcGF/Rk-13/C-16/R-4d1985-06-14l0o628.1(082.2) M2p105556r2023-06-22 00:00:00w1985-06-14ySYM